[Event "Let's Play Chess!"]
[Site "http://www.queenalice.com/game.php?id=1409137"]
[Date "2016.2.14"]
[Round "-"]
[White "carlosufpe"]
[Black "rgm48"]
[Result "0-1"]
[WhiteElo "1705"]
[BlackElo "1696"]

1. d4 Nf6 2. e3 d6 3. c4 g6 4. Nf3 Bg7 5. Be2 O-O 6. b3 Nbd7 7. O-O c5 8. Bb2
Qc7 9. d5 a6 10. Nbd2 Rb8 11. Bxf6 Nxf6 12. Rc1 b5 13. Qc2 Bd7 14. Ne4 bxc4 15.
Nxf6+ Bxf6 16. Bxc4 Bb5 17. Qd2 Rb7 18. Bxb5 axb5 19. a4 bxa4 20. bxa4 Ra8 21.
Rb1 Rxa4 22. Rxb7 Qxb7 23. g3 Rb4 24. Rc1 Rb2 25. Rc2 Rxc2 26. Qxc2 Qxd5 0-1

[Event "Let's Play Chess!"]
[Site "http://www.queenalice.com/game.php?id=1409138"]
[Date "2016.2.14"]
[Round "-"]
[White "rgm48"]
[Black "carlosufpe"]
[Result "1-0"]
[WhiteElo "1831"]
[BlackElo "1602"]

1. e4 d6 2. d4 Nf6 3. Bd3 e5 4. d5 Be7 5. c4 c5 6. Nc3 O-O 7. Nge2 a6 8. O-O Bd7
9. a3 Qb6 10. f3 a5 11. Rb1 a4 12. Ng3 Qb3 13. Qxb3 axb3 14. Be3 Ba4 15. Nge2
Nbd7 16. Nc1 Bd8 17. Nxa4 Rxa4 18. Nxb3 b6 19. Na1 Bc7 20. Nc2 Rfa8 21. Rfc1 g6
22. b3 R4a7 23. b4 cxb4 24. axb4 Kg7 25. Ne1 Ra3 26. c5 dxc5 27. bxc5 bxc5 28.
Bxc5 Nxc5 29. Rxc5 Bd6 30. Rc6 Ne8 31. Kf1 Rd8 32. h3 Nf6 33. Be2 h5 34. Rbb6
Ne8 35. Ra6 Rxa6 36. Rxa6 Nc7 37. Rc6 Ne8 38. Nc2 Nf6 39. Ne3 Rd7 40. Nc4 Ne8
41. Kf2 Kf6 42. Nxd6 Nxd6 43. Ke3 h4 44. f4 exf4+ 45. Kxf4 g5+ 46. Ke3 Ke5 47.
Bd3 f5 48. exf5 Nxf5+ 49. Bxf5 Kxf5 50. Kd4 Kf4 51. Rg6 Kf5 52. Rg8 Kf4 53. Kc5
1-0

[Event "Let's Play Chess!"]
[Site "http://www.queenalice.com/game.php?id=1409139"]
[Date "2016.2.14"]
[Round "-"]
[White "masam2014"]
[Black "rgm48"]
[Result "0-1"]
[WhiteElo "1645"]
[BlackElo "1886"]

1. d4 Nf6 2. c4 c5 3. e3 cxd4 4. Qxd4 Nc6 5. Qd1 d6 6. Nf3 g6 7. Be2 Bg7 8. O-O
O-O 9. Nc3 a6 10. Rb1 b6 11. Qb3 Nd7 12. a3 Bb7 13. Rd1 Rc8 14. Qc2 Nce5 15.
Nxe5 Nxe5 16. Na2 Qc7 17. Nb4 a5 18. Na2 Nxc4 19. Bxc4 Qxc4 20. Qxc4 Rxc4 21. b3
Rc2 0-1

[Event "Challenge"]
[Site "http://www.queenalice.com/game.php?id=1410930"]
[Date "2016.2.24"]
[Round "-"]
[White "rgm48"]
[Black "Bankai"]
[Result "1-0"]
[WhiteElo "1822"]
[BlackElo "1648"]

1. e4 e5 2. Nf3 Nc6 3. Bc4 Nf6 4. Ng5 d5 5. exd5 Nxd5 6. Nxf7 Kxf7 7. Qf3+ Ke6
8. Nc3 Ne7 9. O-O c6 10. d4 Ng6 11. dxe5 Nxe5 12. Re1 Qd6 13. Bf4 Kd7 14. Bxe5
Qc5 15. Bxd5 Be7 16. Bb3 Kd8 17. Rad1+ Bd7 18. Be6 Rf8 19. Qe2 Ke8 20. Bxd7+ Kf7
21. Be6+ Ke8 22. Bxg7 Rxf2 23. Qxf2 Qg5 24. Qf7# 1-0

[Event "Let's Play Chess!"]
[Site "http://www.queenalice.com/game.php?id=1412010"]
[Date "2016.3.4"]
[Round "-"]
[White "charles31"]
[Black "rgm48"]
[Result "0-1"]
[WhiteElo "1750"]
[BlackElo "1652"]

1. d4 Nf6 2. Nc3 d5 3. h3 Bf5 4. Nf3 e6 5. Bg5 Be7 6. e3 O-O 7. Bd3 Bxd3 8. Qxd3
Nbd7 9. Bh4 c5 10. dxc5 Nxc5 11. Qd2 Nfe4 12. Bxe7 Qxe7 13. Nxe4 Nxe4 14. Qd3
Qb4+ 15. Ke2 Qxb2 16. Rhb1 Nc3+ 0-1

[Event "Let's Play Chess!"]
[Site "http://www.queenalice.com/game.php?id=1412011"]
[Date "2016.3.4"]
[Round "-"]
[White "rgm48"]
[Black "charles31"]
[Result "1-0"]
[WhiteElo "1717"]
[BlackElo "1718"]

1. e4 e5 2. Nf3 d6 3. Bc4 h6 4. O-O a6 5. c3 Nc6 6. d4 exd4 7. cxd4 Nf6 8. Nc3
Bg4 9. Be3 Qd7 10. h3 Bh5 11. Re1 O-O-O 12. a3 g5 13. Be2 Bg6 14. d5 Nb8 15. Qd4
g4 16. hxg4 Bg7 17. b4 Rdg8 18. Qd2 Bxe4 19. Rac1 Bxf3 20. gxf3 Qd8 21. b5 h5
22. bxa6 Nxa6 23. Na4 hxg4 24. fxg4 Ne4 25. Qc2 f5 26. Bxa6 bxa6 27. Qc6 Qh4 28.
Nb6+ 1-0

[Event "Let's Play Chess!"]
[Site "http://www.queenalice.com/game.php?id=1412098"]
[Date "2016.3.4"]
[Round "-"]
[White "igorjava"]
[Black "rgm48"]
[Result "0-1"]
[WhiteElo "1906"]
[BlackElo "1869"]

1. e4 c5 2. Nf3 d6 3. d4 cxd4 4. Nxd4 Nf6 5. Nc3 a6 6. a4 e6 7. Bc4 Be7 8. O-O
O-O 9. Kh1 Qc7 10. Bb3 Nc6 11. f4 Rd8 12. Be3 Na5 13. Ba2 Nc4 14. Bxc4 Qxc4 15.
Qd3 Qc7 16. f5 e5 17. Nde2 b6 18. Nd5 Nxd5 19. Qxd5 Bb7 20. Qd3 d5 21. exd5 Rxd5
22. Qc3 Bc5 23. Bxc5 Rxc5 24. Qb3 Rxc2 25. Rf2 Rc8 26. Rb1 Qc5 27. Rbf1 b5 28.
axb5 Qxb5 29. Qxb5 axb5 30. Ng3 Rxf2 31. Rxf2 f6 32. h3 Kf7 33. Rd2 Ke7 34. Kg1
g6 35. Kf2 Rc4 36. fxg6 hxg6 37. Ne2 f5 38. Nc3 b4 39. Nd1 Ke6 40. g3 Rd4 41.
Rxd4 exd4 42. h4 Ke5 43. Ke2 Be4 44. Nf2 Kd5 45. Kd2 Kc4 46. Nxe4 fxe4 47. g4
Kd5 48. h5 gxh5 49. gxh5 Ke5 50. h6 Kf6 51. Kc2 Kg6 52. h7 Kxh7 53. Kb3 e3 54.
Kxb4 e2 0-1

[Event "Let's Play Chess!"]
[Site "http://www.queenalice.com/game.php?id=1412099"]
[Date "2016.3.4"]
[Round "-"]
[White "rgm48"]
[Black "igorjava"]
[Result "1-0"]
[WhiteElo "1789"]
[BlackElo "1959"]

1. e4 c5 2. Nf3 d6 3. d4 cxd4 4. Nxd4 Nf6 5. Nc3 a6 6. Bd3 e5 7. Nde2 Bg4 8. f3
Be6 9. Be3 Be7 10. Qd2 b5 11. O-O-O Nc6 12. g4 h6 13. Ng3 Na5 14. Nf5 Bf8 15.
Be2 Nc4 16. Bxc4 Bxf5 17. gxf5 bxc4 18. Rhg1 Qd7 19. Nd5 Nxd5 20. Qxd5 Rc8 21.
c3 Rc6 22. Rg2 Rc8 23. f4 Qc6 24. fxe5 Qxd5 25. Rxd5 Rc6 26. Kc2 Rg8 27. Bxh6
dxe5 28. Rxe5+ Kd7 29. Bf4 f6 30. Rd5+ Kc8 31. b4 Rb6 32. a4 Rh8 33. e5 fxe5 34.
Bxe5 Rbh6 35. Rd4 Rxh2 36. Rxh2 Rxh2+ 37. Bxh2 1-0

[Event "AUTO-INT-3088"]
[Site "http://www.queenalice.com/game.php?id=1413595"]
[Date "2016.3.15"]
[Round "2"]
[White "tche_elvio"]
[Black "rgm48"]
[Result "0-1"]
[WhiteElo "1611"]
[BlackElo "1763"]

1. d4 Nf6 2. c4 c5 3. Nf3 cxd4 4. Nxd4 g6 5. Nc3 Bg7 6. e4 d6 7. Be2 O-O 8. O-O
a6 9. h3 b6 10. Bg5 Bb7 11. Bf3 Nbd7 12. e5 Bxf3 13. Nxf3 Nxe5 14. Nxe5 dxe5 15.
Qxd8 Rfxd8 16. b4 Rac8 17. c5 bxc5 18. bxc5 Rxc5 19. Na4 Ra5 20. Nb6 h6 21. Be3
e4 22. a4 Rd3 23. Rad1 Rxd1 24. Rxd1 e6 25. g4 Nd5 26. Nxd5 Rxd5 27. Rxd5 exd5
28. Kg2 f5 29. f4 d4 30. Bd2 Kf7 31. Kg3 Ke6 32. gxf5+ gxf5 33. h4 Kd5 0-1

[Event "AUTO-INT-3088"]
[Site "http://www.queenalice.com/game.php?id=1413596"]
[Date "2016.3.15"]
[Round "2"]
[White "rgm48"]
[Black "tche_elvio"]
[Result "1-0"]
[WhiteElo "1736"]
[BlackElo "1653"]

1. e4 e5 2. Nf3 Nf6 3. Bd3 Nc6 4. O-O a6 5. c3 Be7 6. Bc2 O-O 7. d4 exd4 8. cxd4
d6 9. d5 Ne5 10. Nxe5 dxe5 11. Nd2 b5 12. Nb3 Bb7 13. Be3 c5 14. Nxc5 Qc7 15. b4
h6 16. Qe2 Bxc5 17. Bxc5 Nxd5 18. exd5 Rfe8 19. Rad1 Qd7 20. Rd2 Bxd5 21. Be4
Qc6 22. Bxd5 Qxd5 23. Rxd5 a5 24. Rxe5 Rxe5 25. Qxe5 axb4 26. Bd4 Rxa2 27. Qxg7#
1-0

[Event "AUTO-INT-3088"]
[Site "http://www.queenalice.com/game.php?id=1413601"]
[Date "2016.3.15"]
[Round "2"]
[White "rgm48"]
[Black "Guilhermerocha"]
[Result "1-0"]
[WhiteElo "1773"]
[BlackElo "1770"]

1. e4 e5 2. Nf3 Nf6 3. Bd3 Bc5 4. O-O h5 5. Nxe5 h4 6. Bc4 O-O 7. d4 Bd6 8. Nc3
a6 9. Nf3 Bb4 10. Bg5 b5 11. Bb3 Bxc3 12. bxc3 Qe8 13. e5 Ne4 14. Bxh4 Nxc3 15.
Qd3 b4 16. Ng5 g6 17. Qxg6+ 1-0

[Event "AUTO-INT-3088"]
[Site "http://www.queenalice.com/game.php?id=1413602"]
[Date "2016.3.15"]
[Round "2"]
[White "Guilhermerocha"]
[Black "rgm48"]
[Result "0-1"]
[WhiteElo "1832"]
[BlackElo "1845"]

1. e4 c5 2. Bc4 e6 3. Nf3 d6 4. d4 Nd7 5. e5 dxe5 6. dxe5 Qc7 7. Qe2 Ne7 8. Nc3
a6 9. Be3 Ng6 10. h4 b5 11. Bd3 Ndxe5 12. Be4 Bb7 13. Nxb5 axb5 14. Qxb5+ Nc6
15. h5 Ne7 16. Ne5 Qxe5 17. Qxb7 Rc8 18. Bxc6+ Rxc6 19. O-O-O Qc7 20. Qa8+ Qc8
21. Qa4 Nd5 22. Bd2 Be7 23. c4 Nb4 24. Kb1 O-O 25. h6 g6 26. a3 Ra6 27. Qb3 Nc6
28. Qc3 Nd4 29. Be3 Bf6 30. f4 Qb7 31. g4 Rfa8 32. Ka2 Rb6 33. Rb1 Rb3 34. Qd2
Rb8 35. g5 Bh8 36. Rhc1 Nf5 37. Bxc5 Rxb2+ 38. Rxb2 Qxb2+ 39. Qxb2 Rxb2+ 40. Ka1
Rb5+ 41. Ka2 Rxc5 42. Rd1 Rc8 43. c5 Bd4 44. Rc1 Rxc5 45. Rb1 Rc8 46. a4 Be3 47.
Rb4 Ne7 48. a5 Nd5 49. Rb7 Nxf4 50. a6 Nh3 51. a7 Bxa7 52. Rxa7 Nxg5 53. Ra4 e5
54. Rg4 f6 0-1

[Event "Let's Play Chess!"]
[Site "http://www.queenalice.com/game.php?id=1413773"]
[Date "2016.3.20"]
[Round "-"]
[White "rgm48"]
[Black "Rider"]
[Result "1-0"]
[WhiteElo "1838"]
[BlackElo "1608"]

1. e4 e5 2. Nf3 d6 3. Bc4 Be6 4. Bxe6 fxe6 5. c3 Qf6 6. d3 d5 7. O-O Nd7 8. Bg5
Qg6 9. Nbd2 Be7 10. Bxe7 Nxe7 11. Qa4 a6 12. Nxe5 Qf6 13. Nxd7 Qg5 14. Nb6+ Kf7
15. Nf3 Qh6 16. Nxa8 Rxa8 17. Qd7 Rc8 18. exd5 exd5 19. Rfe1 Qd6 20. Qxd6 cxd6
21. Re2 b5 22. Nd4 g6 23. Rae1 Ng8 24. a3 Kg7 25. Re8 Rc7 26. Ne6+ Kf7 27. Nxc7
h5 28. Nxd5 Kg7 29. R8e6 Kf7 30. Rxd6 a5 31. Rb6 Kg7 32. Rxb5 a4 33. Ra5 h4 34.
Rxa4 g5 35. Rg4 Kg6 36. f4 Kf5 37. Rxg5# 1-0

[Event "Let's Play!"]
[Site "http://www.queenalice.com/game.php?id=1414098"]
[Date "2016.3.20"]
[Round "-"]
[White "digger"]
[Black "rgm48"]
[Result "0-1"]
[WhiteElo "1647"]
[BlackElo "1750"]

1. d4 Nf6 2. Nc3 d6 3. e4 g6 4. Bb5+ Bd7 5. Bxd7+ Nbxd7 6. Bf4 Bg7 7. Qf3 c6 8.
O-O-O O-O 9. Nh3 Qc7 10. e5 dxe5 11. dxe5 Nxe5 12. Qg3 Nh5 13. Qe3 Nxf4 14. Nxf4
Nc4 15. Qg3 Be5 16. b3 Bxf4+ 0-1

[Event "Let's Play!"]
[Site "http://www.queenalice.com/game.php?id=1414099"]
[Date "2016.3.20"]
[Round "-"]
[White "rgm48"]
[Black "digger"]
[Result "1-0"]
[WhiteElo "1812"]
[BlackElo "1659"]

1. e4 d5 2. Nc3 d4 3. Nce2 e5 4. Nf3 Nc6 5. d3 Bb4+ 6. Bd2 Bxd2+ 7. Qxd2 Be6 8.
Ng3 f6 9. Be2 f5 10. exf5 Bf7 11. Ng5 Bd5 12. Bh5+ Kf8 13. Bf3 Qe7 14. Bxd5 Qf6
15. Nf7 g6 16. fxg6 hxg6 17. Nxh8 Qxh8 18. Bxc6 bxc6 19. Qb4+ Ne7 20. O-O a5 21.
Qb7 Rc8 22. Ne4 Kg7 23. f4 exf4 24. Rxf4 Qh6 25. Raf1 Kg8 26. Rf7 Re8 27. Qxc7
Nf5 28. Nf6+ Kh8 29. Rh7+ 1-0

[Event "Let's Play!"]
[Site "http://www.queenalice.com/game.php?id=1414100"]
[Date "2016.3.20"]
[Round "-"]
[White "digger"]
[Black "rgm48"]
[Result "0-1"]
[WhiteElo "1681"]
[BlackElo "1860"]

1. e4 c5 2. d3 g6 3. Bd2 Bg7 4. Nf3 d6 5. c3 Nf6 6. Na3 O-O 7. h3 a6 8. Be3 Nbd7
9. Be2 b5 10. b4 cxb4 11. cxb4 Bb7 12. O-O Nb6 13. Rc1 Na4 14. Qb3 Rc8 15. Nc2
Rc3 16. Qb1 Qd7 17. Bd4 Rc7 18. Na1 Rfc8 19. Nb3 Ne8 20. Bxg7 Nxg7 21. Rxc7 Rxc7
22. Nfd2 Nc3 23. Qe1 Ne6 24. Bg4 h5 25. Bf3 Nxa2 26. Na5 Nxb4 27. Nxb7 Rxb7 28.
Qe2 Nd4 29. Qe3 Nxf3+ 30. Nxf3 Kh7 31. e5 dxe5 32. Nxe5 Qd5 33. d4 Kg7 34. Rd1
e6 35. Nf3 a5 36. Nh4 Nc6 37. Nf3 b4 38. Rd2 b3 39. Rb2 a4 40. g3 a3 41. Rb1 a2
42. Ra1 b2 43. Re1 b1=Q 44. Kg2 a1=Q 45. Rxb1 Qxb1 46. g4 Rb3 47. Qe2 Nxd4 48.
Qf1 Qxf3+ 0-1

[Event "Challenge"]
[Site "http://www.queenalice.com/game.php?id=1416628"]
[Date "2016.4.4"]
[Round "-"]
[White "rgm48"]
[Black "brouqui"]
[Result "1-0"]
[WhiteElo "1896"]
[BlackElo "1816"]

1. e4 e6 2. d3 d5 3. Nd2 Nc6 4. g3 dxe4 5. dxe4 Nf6 6. Bg2 e5 7. Ngf3 Bc5 8. O-O
O-O 9. c3 Be6 10. b4 Bd6 11. Qe2 a6 12. Nc4 b5 13. Ncd2 Na7 14. Nb3 Bc4 15. Qc2
Bxf1 16. Bxf1 Qe7 17. Na5 c5 18. a3 Nc6 19. Nxc6 1-0

[Event "Challenge"]
[Site "http://www.queenalice.com/game.php?id=1416629"]
[Date "2016.4.4"]
[Round "-"]
[White "rgm48"]
[Black "Marcelin07"]
[Result "1-0"]
[WhiteElo "1922"]
[BlackElo "1736"]

1. e4 e5 2. Nf3 Nc6 3. Bc4 d6 4. O-O Be6 5. Bxe6 fxe6 6. c3 Be7 7. d3 g5 8. Nxg5
Bxg5 9. Qh5+ Kd7 10. Bxg5 Nce7 11. Nd2 c6 12. d4 Qc7 13. dxe5 d5 14. exd5 cxd5
15. f4 Rf8 16. Rad1 Nf5 17. Kh1 h6 18. Ne4 Ne3 19. Rfe1 Nxd1 20. Rxd1 Kc6 21.
Nf6 Nxf6 22. Bxf6 Rxf6 23. exf6 Qxf4 24. Re1 Qxf6 25. h3 b5 26. Qe2 Re8 27. a4
a6 28. axb5+ axb5 29. Ra1 Rb8 30. Qe3 Rb6 31. Kg1 b4 32. Rc1 1-0

[Event "Challenge"]
[Site "http://www.queenalice.com/game.php?id=1416630"]
[Date "2016.4.4"]
[Round "-"]
[White "rgm48"]
[Black "shicoshow"]
[Result "0-1"]
[WhiteElo "1838"]
[BlackElo "1856"]

1. e4 d5 2. Nc3 Nf6 3. e5 Nfd7 4. Nf3 e6 5. d4 c5 6. Be2 Nc6 7. dxc5 Ncxe5 8.
Nxe5 Nxe5 9. Be3 Nc6 10. O-O d4 0-1

[Event "Challenge"]
[Site "http://www.queenalice.com/game.php?id=1420194"]
[Date "2016.4.27"]
[Round "-"]
[White "rgm48"]
[Black "rockme"]
[Result "0-1"]
[WhiteElo "1885"]
[BlackElo "1862"]

1. e4 d6 2. d4 g6 3. c4 Bg7 4. Nf3 Nd7 5. Nc3 Ngf6 6. Be2 O-O 7. O-O b6 8. Bd2
Bb7 9. Qc2 Rc8 10. b4 e6 11. a4 a6 12. a5 e5 13. d5 h6 14. Rfc1 Qe7 15. Ne1 Rce8
16. f3 c5 17. bxc5 Nxc5 18. axb6 Ra8 19. Nd3 Nxd3 20. Bxd3 Rfc8 21. Na4 Nd7 22.
Bb4 Kh7 23. Rcb1 a5 24. Ba3 Bf8 25. Rb5 Qg5 26. Bc1 Qd8 27. Be3 Be7 0-1

[Event "Challenge"]
[Site "http://www.queenalice.com/game.php?id=1420197"]
[Date "2016.4.27"]
[Round "-"]
[White "rgm48"]
[Black "Tooony"]
[Result "1-0"]
[WhiteElo "1909"]
[BlackElo "1835"]

1. e4 Nc6 2. d4 e6 3. c4 d5 4. cxd5 exd5 5. e5 a6 6. Nf3 Bb4+ 7. Nc3 Bf5 8. Be2
Nge7 9. O-O Be4 10. a3 Bxc3 11. bxc3 Ng6 12. Bg5 f6 13. exf6 gxf6 14. Bh6 Qd6
15. Ra2 O-O-O 16. Qb3 Na5 17. Qb4 Nc4 18. Bxc4 dxc4 19. Rb2 Bxf3 20. gxf3 b5 21.
a4 c6 22. axb5 cxb5 23. Qxd6 Rxd6 24. Re1 Rg8 25. Re3 f5 26. Kf1 f4 27. Re4 Rd5
28. Bxf4 Nxf4 29. Rxf4 Rdg5 30. Rf6 R5g6 31. Rf7 Rg1+ 32. Ke2 Re8+ 33. Kd2 Rf1
34. Rc2 Rxf2+ 35. Kc1 Re1+ 36. Kb2 Rff1 37. Rg2 Kd8 38. Rg8+ Re8 39. Rgg7 Rf2+
40. Ka3 Rxh2 41. Ra7 b4+ 42. Kxb4 Rb2+ 43. Kxc4 Kc8 44. Rxh7 Rb8 45. Rac7+ 1-0